|
|
|
|
| LEADER |
00639nab a2200193 i 4500 |
| 001 |
acta52571 |
| 005 |
20250327090030.0 |
| 008 |
180529s1943 hu o 000 hun d |
| 040 |
|
|
|a SZTE Egyetemi Kiadványok Repozitórium
|b hun
|
| 041 |
|
|
|a hun
|
| 100 |
1 |
|
|a Móra Ferenc
|
| 245 |
1 |
0 |
|a Himnusz a búzamezőn
|h [elektronikus dokumentum] /
|c Móra Ferenc
|
| 260 |
|
|
|c 1943
|
| 300 |
|
|
|a 117-118
|
| 490 |
0 |
|
|a Gyakorlati pedagógia
|v 8 No. 4
|
| 650 |
|
4 |
|a Bölcsészettudományok
|
| 650 |
|
4 |
|a Nyelvek és irodalom
|
| 695 |
|
|
|a Magyar irodalom - próza
|
| 856 |
4 |
0 |
|u http://acta.bibl.u-szeged.hu/52571/1/gyakorlati_1943_004_117-118.pdf
|z Dokumentum-elérés
|